000 00271nam a22000857a 4500
008 160705b xxu||||| |||| 00| 0 eng d
100 _92285
_a Morehead, P.D
245 _aThe New American Roget's College Thesaurus in Dictionary Form
260 _aUSA
_b New American Library
_c1985
999 _c1967
_d1967